Statistics for Types of Tractors

Click here to take the quiz!

General Stats

  • This quiz has been taken 333 times
  • The average score is 9 of 22

Answer Stats

HintAnswer% Correct
GreenJohn Deere
93%
RedCase
87%
BlueNew Holland
84%
RedMassey Ferguson
66%
BlueFord
64%
GreenFendt
63%
GreenClaas
57%
OrangeJCB
48%
BlackValtra
47%
OrangeKubota
44%
WhiteLamborghini
43%
GreenDeutz-Fahr
33%
YellowChallenger
27%
WhiteDavid Brown
25%
WhiteWhite
24%
RedMcCormick
23%
YellowCat
19%
RedFarmall
17%
RedAllis Chalmers
16%
WhiteBig Bud
15%
RedMahindra
12%
YellowMinneapolis Moline
9%

Score Distribution

Percentile by Number Answered

Percent of People with Each Score

Your Score History

You have not taken this quiz